000 01044nam a2200217Ia 4500
003 Ost
005 20260507075353.0
008 260507s9999||||xx |||||||||||||| ||und||
040 _cfsecg
041 _aara
082 _a330
100 _aكوزنت، سيمون
_eمؤلف
245 0 _aالإقتصاد بين التنمية والتخلف /
_c سيمون كوزنت
260 _aالقاهرة:
_bدار الكتاب الحديث,
_c2011
300 _a125 صفحة؛
_bغلاف ملون ومصور
_c24 سم
520 _aالتنمية والتخلف- تعريف التنمية والتخلف- حركات التصنيع الثانوية- زهور الولايات المتحدة- طبيعة التخلف- التنمية ومواجهة التخلف- تطور التجارة الدولية الحديثة- الإقتصاديات الرأسمالية الراهنة- الاشتراكية والتخطيط
653 _aالإقتصاد
653 _aالتخلف
653 _aالتنمية الإقتصادية
942 _cكتاب
999 _c44159
_d44159